Movies Quiz

Random Movies or Clickable Quiz

Pick the Kate Winslet Movie Quiz Stats

 Plays Quiz Updated May 6, 2019

Score 0/16 Timer 03:00
1 Play Today
Question Answer Wrong Answers
Which one of these films stars Kate Winslet? Titanic
94.2%
Much Ado About Nothing
2.8%
The Royal Tenenbaums
0.9%
Scarface
0.2%
Which one of these films stars Kate Winslet? The Holiday
92.9%
The Full Monty
2.7%
Kill Bill: Vol. 1
1%
Raiders of the Lost Ark
1.2%
Which one of these films stars Kate Winslet? The Dressmaker
88.8%
Shaun of the Dead
2.4%
Monster's Ball
3.7%
Patton
2.8%
Which one of these films stars Kate Winslet? Sense and Sensibility
88%
Chaplin
3.5%
Crazy Heart
5.8%
The Karate Kid
0.6%
Which one of these films stars Kate Winslet? Finding Neverland
85.8%
Catch Me If You Can
5.7%
21 Grams
5.4%
Full Metal Jacket
1%
Which one of these films stars Kate Winslet? Revolutionary Road
85%
Dracula
2.1%
Sweeney Todd: The Demon Barber of Fleet Street
7.3%
Annie Hall
3.4%
Which one of these films stars Kate Winslet? The Reader
85%
The Remains of the Day
7%
Frost/Nixon
3.2%
The Deer Hunter
2.5%
Which one of these films stars Kate Winslet? Eternal Sunshine of the Spotless Mind
82.1%
Four Weddings and a Funeral
2.8%
Atonement
11.8%
Beetlejuice
1.1%
Which one of these films stars Kate Winslet? Divergent
81.9%
Lawrence of Arabia
2.7%
The Wrestler
8.8%
Close Encounters of the Third Kind
4.7%
Which one of these films stars Kate Winslet? Contagion
76.8%
Gandhi
3.2%
Donnie Darko
8%
Network
9.7%
Which one of these films stars Kate Winslet? Hamlet
66.7%
The Crying Game
19.6%
Spider-Man 2
5.9%
Stand by Me
5.4%
Which one of these films stars Kate Winslet? Heavenly Creatures
65.9%
Henry V
19.4%
The Class
11.1%
Ferris Bueller's Day Off
1.5%
Which one of these films stars Kate Winslet? Steve Jobs
57.1%
This is England
32.2%
Black Hawk Down
3.5%
American Graffiti
5.1%
Which one of these films stars Kate Winslet? Enigma
53.9%
Goldeneye
2.4%
Before Night Falls
40%
Top Gun
1.3%
Which one of these films stars Kate Winslet? Carnage
49.3%
The Killing Fields
16.3%
Collateral
31.2%
Rocky
0.9%
Which one of these films stars Kate Winslet? All the King's Men
31.3%
Billy Elliot
12.1%
In the Bedroom
44.6%
The French Connection
9.7%

You're not logged in!

Compare scores with friends on all Sporcle quizzes.
OR
Log In

Show Comments

Extras

Top Quizzes Today


Score Distribution

Your Account Isn't Verified!

In order to create a playlist on Sporcle, you need to verify the email address you used during registration. Go to your Sporcle Settings to finish the process.

Report this User

Report this user for behavior that violates our Community Guidelines.

Details: